| Поле | Инд. | ПП | Название | Значение |
|---|---|---|---|---|
| Тип записи | a | |||
| Библиографический уровень | m | |||
| 001 | _ | Контрольный номер | RU\infra-m\znanium\bibl\2078395 | |
| 005 | _ | Дата корректировки | 20250915104041.4 | |
| 008 | Кодируемые данные | 230615s2023 RU g rus u | ||
| 020 | a | ISBN | 978-5-16-018922-2 | |
| 020 | a | ISBN | 978-5-16-111760-6 | |
| 040 | a | Служба первич. каталог. | Общество с ограниченной ответственностью «ЗНАНИУМ» | |
| 041 | a | Код языка текста | rus | |
| 044 | a | Код страны публикации | RU | |
| 080 | a | Индекс УДК | 51 | |
| 084 | 2 | Источник индекса | rubbk | |
| a | Индекс другой классификации/Индекс ББК | 22.1 | ||
| 084 | 2 | Источник индекса | okso | |
| a | Индекс другой классификации/Индекс ББК | 00.02.06 | ||
| 100 | 1_ | a | Автор | Жукова Галина Севастьяновна |
| q | Полное имя | Галина Севастьяновна | ||
| 245 | a | Заглавие | Математика на 100 баллов | |
| b | Продолж. заглавия | Учебное пособие | ||
| c | Ответственность | Финансовый университет при Правительстве Российской Федерации; Российский химико-технологический университет им. Д.И. Менделеева | ||
| 250 | a | Основные сведения об издании | 1 | |
| 260 | a | Место издания | Москва | |
| b | Издательство | ООО "Научно-издательский центр ИНФРА-М" | ||
| c | Дата издания | 2024 | ||
| 300 | a | Объем | 480 с. | |
| 440 | a | Серия | ЕГЭ (ФинУн) | |
| 520 | a | Аннотация | В учебном пособии предложено системное изложение всех основных разделов школьной математики которые обязательно востребованы на различного рода контрольных и самостоятельных работах олимпиадах экзаменах по математике (ОГЭ ЕГЭ) а также на вступительных испытаниях в вузах где они полностью не совмещены с ЕГЭ. При изучении каждой темы для ее овладения и приобретения практических навыков дан необходимый теоретический и справочный материал а также подробно проанализировано и решено большое число примеров и задач. Для контроля качества полученных знаний предложены многочисленные задания (с ответами) для самостоятельного решения. | |
| 521 | a | Примеч. о целев. назн. | Среднее общее образование | |
| 650 | a | Основная рубрика | Литература для средней школы и абитуриентов | |
| x | Основная подрубрика | Математика. Высшая математика | ||
| 700 | 1_ | a | Другие авторы | Рушайло Маргарита Федоровна |
| q | Полное имя | Маргарита Федоровна | ||
| 852 | x | Примечание, не предназначенное для пользователя | znanium2023 | |
| 856 | 4_ | a | Имя сервера/домена | znanium.com |
| m | Помощь | ebs_support@infra-m.ru | ||
| n | Местонахождение сервера | НИЦ ИНФРА-М | ||
| u | URL | https://znanium.com/catalog/document?id=431192 | ||
| z | Примечание для пользователя | Участвует в КО | ||
| 856 | 41 | a | Имя сервера/домена | znanium.com |
| d | Путь | /cover/2078 | ||
| f | Электронное имя | 2078395.jpg | ||
| q | Тип электронного формата | image/jpeg | ||
| u | URL | https://znanium.com/cover/2078/2078395.jpg |